000 00328nam a22001457a 4500
008 221102b ||||| |||| 00| 0 eng d
020 _a2900393936383
041 _aeng
080 _212TH EDITION
_a781
082 _a781
100 _a20.1
101 _aMUZIK
245 _aTHE ENJOYMENT OF MUSIC
_cFORNEY K
942 _2udc
_cBK
999 _c58721
_d58721